00507nam a22001571a 450000100060000000300040000600500170001000800410002702000130006808200160008110000210009724500850011826400350020330000170023865000940025511835OSt20260204212259.0131126s2001||||dr ||||||b||||||||||spa|| a99934129 aRD 336.7293 aDauhajre, Andres aRacionalizacion presupuestaria y política de gasto público / Andres Dauhajre aSanto Doimingo : Banco Central axl ll, 534 P aGASTOS PUBLICO - REPUBLICA DOMINICANA 2.RECURSOS PRESUPUESTARIO - REPUBLICA DOMINICANAÌ